[Event "Bundesliga 9697"]
[Site "Deutschland"]
[Date "1996.??.??"]
[Round "?.1"]
[White "Gyimesi, Zoltan"]
[Black "Votava, Jan"]
[Result "1-0"]
[WhiteElo "2480"]
[BlackElo "2545"]
[PlyCount "77"]
[EventDate "1996.10.??"]
[EventType "team"]
[EventRounds "15"]
[EventCountry "GER"]
[SourceTitle "Bundesliga 9697"]
[Source "DeepChess"]
[SourceDate "2005.01.01"]
[SourceVersion "1"]
[SourceVersionDate "2005.01.01"]
[SourceQuality "1"]
[WhiteTeam "SC Eppingen e.V."]
[BlackTeam "SV Erfurt West 90"]
[WhiteTeamCountry "GER"]
[BlackTeamCountry "GER"]

1. d4 Nf6 2. c4 e6 3. Nf3 b6 4. g3 Bb7 5. Bg2 Bb4+ 6. Bd2 Be7 7. Nc3 c6 8. e4
d5 9. cxd5 cxd5 10. e5 Ne4 11. O-O Nxd2 12. Qxd2 Nc6 13. Qe3 Qd7 14. Rac1 O-O
15. Rfe1 Rac8 16. Bf1 Kh8 17. h4 Na5 18. Bb5 Qd8 19. Bd3 Nc4 20. Qe2 g6 21. b3
Na5 22. Qe3 Kg7 23. Ne2 Rxc1 24. Rxc1 Qd7 25. Kg2 Rc8 26. Rh1 h6 27. Nh2 h5 28.
g4 Rh8 29. gxh5 Rxh5 30. Ng3 Rh8 31. h5 gxh5 32. Ng4 h4 33. Nf6 Bxf6 34. exf6+
Kf8 35. Qg5 Rg8 36. Qxh4 Nc6 37. Qh6+ Ke8 38. Qg7 Rf8 39. Qxf8+ 1-0

[Event "Bundesliga 9697"]
[Site "Deutschland"]
[Date "1996.??.??"]
[Round "?.2"]
[White "Casper, Thomas"]
[Black "Kabatianski, Alexandr"]
[Result "1/2-1/2"]
[WhiteElo "2405"]
[BlackElo "2440"]
[PlyCount "93"]
[EventDate "1996.10.??"]
[EventType "team"]
[EventRounds "15"]
[EventCountry "GER"]
[SourceTitle "Bundesliga 9697"]
[Source "DeepChess"]
[SourceDate "2005.01.01"]
[SourceVersion "1"]
[SourceVersionDate "2005.01.01"]
[SourceQuality "1"]
[WhiteTeam "SV Erfurt West 90"]
[BlackTeam "SC Eppingen e.V."]
[WhiteTeamCountry "GER"]
[BlackTeamCountry "GER"]

1. e4 c5 2. Nf3 e6 3. d3 Nc6 4. Be2 Nf6 5. O-O Be7 6. c3 d5 7. exd5 Qxd5 8. d4
O-O 9. dxc5 Qxc5 10. Nbd2 Rd8 11. Qa4 Bd7 12. Ne4 Qb6 13. Nxf6+ Bxf6 14. Qe4
Ne7 15. Ne5 Nf5 16. Nxd7 Rxd7 17. a4 Rad8 18. a5 Qc5 19. Qc4 Qe7 20. g3 g6 21.
Bf3 Kg7 22. Re1 Rc7 23. Qb5 Nd6 24. Qb4 Nc4 25. Qxe7 Rxe7 26. Be2 Rc7 27. Ra4
Rdc8 28. Rd1 b5 29. axb6 Nxb6 30. Ra6 Nd5 31. Bf3 Nb6 32. Bf4 e5 33. Bc1 Be7
34. Be2 Bc5 35. Kg2 h5 36. Bd2 Bf8 37. Be3 Rb8 38. Rd2 Be7 39. f4 Bf6 40. Rd6
Re7 41. Bf1 exf4 42. Bxf4 Be5 43. Bxe5+ Rxe5 44. Rd2 Rb7 45. Kf2 Rc7 46. Rd4
Rf5+ 47. Kg1 1/2-1/2

[Event "Bundesliga 9697"]
[Site "Deutschland"]
[Date "1996.??.??"]
[Round "?.3"]
[White "Arnold, Lothar"]
[Black "Renner, Christoph"]
[Result "0-1"]
[WhiteElo "2375"]
[BlackElo "2445"]
[PlyCount "76"]
[EventDate "1996.10.??"]
[EventType "team"]
[EventRounds "15"]
[EventCountry "GER"]
[SourceTitle "Bundesliga 9697"]
[Source "DeepChess"]
[SourceDate "2005.01.01"]
[SourceVersion "1"]
[SourceVersionDate "2005.01.01"]
[SourceQuality "1"]
[WhiteTeam "SC Eppingen e.V."]
[BlackTeam "SV Erfurt West 90"]
[WhiteTeamCountry "GER"]
[BlackTeamCountry "GER"]

1. e4 e5 2. Nf3 Nc6 3. d4 exd4 4. Nxd4 Nf6 5. Nxc6 bxc6 6. e5 Qe7 7. Qe2 Nd5 8.
c4 Ba6 9. g3 g6 10. b3 Bg7 11. Bb2 O-O 12. Bg2 f6 13. e6 Rfe8 14. O-O Nb6 15.
Re1 Bb7 16. Qd2 dxe6 17. Qa5 a6 18. Nd2 Rad8 19. Ne4 Ba8 20. Rad1 e5 21. Ba3
Qf7 22. Qxa6 f5 23. Nc5 e4 24. Nb7 Rb8 25. Na5 Re6 26. Re2 h5 27. Red2 Kh7 28.
Rd8 Rxd8 29. Rxd8 f4 30. c5 Nd5 31. Rxa8 fxg3 32. fxg3 Bd4+ 33. Kh1 e3 34. Qe2
Nc3 35. Qf3 Rf6 36. Qxf6 Qxf6 37. Re8 Qf2 38. Re7+ Kh6 0-1

[Event "Bundesliga 9697"]
[Site "Deutschland"]
[Date "1996.??.??"]
[Round "?.5"]
[White "Mann, Christian"]
[Black "Voekler, Bernd"]
[Result "1-0"]
[WhiteElo "2440"]
[BlackElo "2385"]
[PlyCount "83"]
[EventDate "1996.10.??"]
[EventType "team"]
[EventRounds "15"]
[EventCountry "GER"]
[SourceTitle "Bundesliga 9697"]
[Source "DeepChess"]
[SourceDate "2005.01.01"]
[SourceVersion "1"]
[SourceVersionDate "2005.01.01"]
[SourceQuality "1"]
[WhiteTeam "SC Eppingen e.V."]
[BlackTeam "SV Erfurt West 90"]
[WhiteTeamCountry "GER"]
[BlackTeamCountry "GER"]

1. e4 c5 2. c3 d5 3. exd5 Qxd5 4. d4 Nf6 5. Nf3 Bg4 6. Qa4+ Bd7 7. Qb3 e6 8.
Bc4 Qc6 9. O-O cxd4 10. Bf4 Bc5 11. cxd4 Bb6 12. Nc3 O-O 13. d5 exd5 14. Nxd5
Nxd5 15. Bxd5 Qf6 16. Be5 Qf5 17. Bxb7 Bc6 18. Bxa8 Bxa8 19. Rfe1 Nd7 20. Bd6
Rd8 21. Rac1 h6 22. Bc7 Nc5 23. Qe3 Ne6 24. Bxb6 axb6 25. Red1 Rf8 26. Ne5 Nf4
27. g4 Nh3+ 28. Kf1 Qe6 29. Nd7 Qxg4 30. Qg3 Qf5 31. Nxf8 Nf4 32. Rc4 Bg2+ 33.
Ke1 Be4 34. Rdd4 Ng2+ 35. Kd2 Bd5 36. Rc8 Qxc8 37. Rxd5 Qxf8 38. Qxg2 Qb4+ 39.
Kd3 Qxb2 40. Rd8+ Kh7 41. Qe4+ g6 42. Qd4 1-0

[Event "Bundesliga 9697"]
[Site "Deutschland"]
[Date "1996.??.??"]
[Round "?.6"]
[White "Mueller, Matthias"]
[Black "Schneider, Bernd2"]
[Result "1-0"]
[WhiteElo "2375"]
[BlackElo "2245"]
[PlyCount "111"]
[EventDate "1996.10.??"]
[EventType "team"]
[EventRounds "15"]
[EventCountry "GER"]
[SourceTitle "Bundesliga 9697"]
[Source "DeepChess"]
[SourceDate "2005.01.01"]
[SourceVersion "1"]
[SourceVersionDate "2005.01.01"]
[SourceQuality "1"]
[WhiteTeam "SV Erfurt West 90"]
[BlackTeam "SC Eppingen e.V."]
[WhiteTeamCountry "GER"]
[BlackTeamCountry "GER"]

1. e4 c5 2. Nf3 e6 3. d4 cxd4 4. Nxd4 a6 5. Nc3 Qc7 6. Bd3 Nf6 7. O-O Bc5 8.
Be3 h5 9. h3 b5 10. Ncxb5 axb5 11. Nxb5 Qe5 12. Bxc5 Qxc5 13. b4 Qb6 14. e5 Bb7
15. Nd6+ Ke7 16. Nxb7 Qxb7 17. exf6+ gxf6 18. Qd2 Ra4 19. c3 Rg8 20. f4 Ra3 21.
Rf2 Rg3 22. f5 e5 23. Rd1 d5 24. Be4 Raxc3 25. Bxd5 Qb6 26. Be4 Rc4 27. Qd5
Rxb4 28. Kh2 Re3 29. Bf3 Rd4 30. Rxd4 Qxd4 31. Qxd4 exd4 32. Rd2 d3 33. Kg3 h4+
34. Kf4 Re5 35. Rxd3 Nd7 36. Re3 Kd6 37. Rxe5 fxe5+ 38. Kg5 Nc5 39. Kxh4 e4 40.
Be2 Ke5 41. Kg5 Nd3 42. h4 f6+ 43. Kg4 Nf4 44. Bd1 e3 45. Kf3 Kxf5 46. g4+ Ke5
47. Kxe3 Nd5+ 48. Kf3 Nc3 49. h5 f5 50. g5 Ne4 51. g6 Ng5+ 52. Kg3 Ne4+ 53. Kh4
Kf6 54. a4 Nd2 55. a5 Nf1 56. a6 1-0

[Event "Bundesliga 9697"]
[Site "Deutschland"]
[Date "1996.??.??"]
[Round "?.7"]
[White "Reinhardt, Bernd"]
[Black "Brueggemann, Joachim"]
[Result "0-1"]
[WhiteElo "2270"]
[BlackElo "2285"]
[PlyCount "100"]
[EventDate "1996.10.??"]
[EventType "team"]
[EventRounds "15"]
[EventCountry "GER"]
[SourceTitle "Bundesliga 9697"]
[Source "DeepChess"]
[SourceDate "2005.01.01"]
[SourceVersion "1"]
[SourceVersionDate "2005.01.01"]
[SourceQuality "1"]
[WhiteTeam "SC Eppingen e.V."]
[BlackTeam "SV Erfurt West 90"]
[WhiteTeamCountry "GER"]
[BlackTeamCountry "GER"]

1. c4 e6 2. g3 Nf6 3. Bg2 d5 4. Nf3 Be7 5. O-O O-O 6. d3 c5 7. Bf4 Nc6 8. Nc3
d4 9. Nb5 a6 10. Na3 Bd6 11. Bg5 e5 12. Nd2 h6 13. Bxf6 Qxf6 14. Nc2 Bd7 15. a3
Rab8 16. Ne4 Qg6 17. Qd2 Be7 18. b4 b6 19. Qd1 Nd8 20. Ne1 Bc6 21. bxc5 f5 22.
Nd2 Bxc5 23. Nef3 Qd6 24. Qc2 Nf7 25. a4 a5 26. Nh4 Bxg2 27. Nxg2 Ng5 28. Nb3
f4 29. Kh1 Qe6 30. Rab1 Qh3 31. gxf4 exf4 32. f3 Rbe8 33. Nxc5 bxc5 34. Qd2 Ne6
35. Rf2 Rb8 36. Rb5 Qf5 37. Rf1 Rbe8 38. Rxa5 Ng5 39. Rb5 Re6 40. a5 Nh3 41.
Rb6 Rfe8 42. Rxe6 Rxe6 43. Qa2 Qf6 44. Ra1 Qg5 45. a6 Rg6 46. e4 dxe3 47. Rf1
Nf2+ 48. Rxf2 exf2 49. Qxf2 Rxa6 50. h4 Qg3 0-1

[Event "Bundesliga 9697"]
[Site "Deutschland"]
[Date "1996.??.??"]
[Round "?.8"]
[White "Fuhrmann, Daniel"]
[Black "Dudek, Richard"]
[Result "0-1"]
[WhiteElo "2265"]
[BlackElo "2305"]
[PlyCount "80"]
[EventDate "1996.10.??"]
[EventType "team"]
[EventRounds "15"]
[EventCountry "GER"]
[SourceTitle "Bundesliga 9697"]
[Source "DeepChess"]
[SourceDate "2005.01.01"]
[SourceVersion "1"]
[SourceVersionDate "2005.01.01"]
[SourceQuality "1"]
[WhiteTeam "SV Erfurt West 90"]
[BlackTeam "SC Eppingen e.V."]
[WhiteTeamCountry "GER"]
[BlackTeamCountry "GER"]

1. d4 Nf6 2. c4 e6 3. Nf3 b6 4. g3 Bb7 5. Bg2 Be7 6. O-O O-O 7. Nc3 Ne4 8. Qc2
Nxc3 9. Qxc3 c5 10. dxc5 bxc5 11. Rd1 d6 12. Qc2 Nc6 13. Bf4 Qc7 14. Bg5 Rfd8
15. Bxe7 Qxe7 16. Rd2 Nb4 17. Qc3 Rab8 18. a3 Nc6 19. b4 cxb4 20. axb4 Nxb4 21.
Rxa7 Nc6 22. Ra1 Qc7 23. Nd4 Ne5 24. Bxb7 Rxb7 25. Rc1 h6 26. c5 d5 27. c6 Rb6
28. f4 Nc4 29. Ra2 Rdb8 30. Kg2 e5 31. fxe5 Qxe5 32. Ra7 Qe4+ 33. Kg1 Rb1 34.
Ra1 R1b6 35. Qd3 Qe7 36. Rf1 Ne5 37. Qc3 Rc8 38. Nf5 Qc7 39. Rac1 Rxc6 40. Qxc6
Nxc6 0-1

[Event "Bundesliga 9697"]
[Site "Deutschland"]
[Date "1997.??.??"]
[Round "?.1"]
[White "Slobodjan, Roman"]
[Black "Gyimesi, Zoltan"]
[Result "1-0"]
[WhiteElo "2520"]
[BlackElo "2500"]
[PlyCount "67"]
[EventDate "1996.10.??"]
[EventType "team"]
[EventRounds "15"]
[EventCountry "GER"]
[SourceTitle "Bundesliga 9697"]
[Source "DeepChess"]
[SourceDate "2005.01.01"]
[SourceVersion "1"]
[SourceVersionDate "2005.01.01"]
[SourceQuality "1"]
[WhiteTeam "USC Magdeburg"]
[BlackTeam "SC Eppingen e.V."]
[WhiteTeamCountry "GER"]
[BlackTeamCountry "GER"]

1. e4 e5 2. Nf3 Nc6 3. Bc4 Bc5 4. c3 Nf6 5. d3 d6 6. Nbd2 a6 7. Bb3 Ba7 8. h3
Be6 9. Ng5 Qd7 10. Nxe6 fxe6 11. Nf3 O-O 12. O-O Rae8 13. Kh2 Ne7 14. Nh4 h6
15. g3 g5 16. Ng2 Ng6 17. f4 gxf4 18. gxf4 exf4 19. Nxf4 Nxf4 20. Bxf4 Kh7 21.
Qe2 Qf7 22. d4 Qh5 23. Qxh5 Nxh5 24. Be3 Rf6 25. Rxf6 Nxf6 26. Rf1 Rf8 27. Kg2
Rg8+ 28. Kf3 d5 29. exd5 exd5 30. Bc2+ Kg7 31. Bf5 b6 32. Bf4 c6 33. Re1 Re8
34. Rg1+ 1-0

[Event "Bundesliga 9697"]
[Site "Deutschland"]
[Date "1997.??.??"]
[Round "?.4"]
[White "Mann, Christian"]
[Black "Naumann, Alexander"]
[Result "1/2-1/2"]
[WhiteElo "2440"]
[BlackElo "2380"]
[PlyCount "66"]
[EventDate "1996.10.??"]
[EventType "team"]
[EventRounds "15"]
[EventCountry "GER"]
[SourceTitle "Bundesliga 9697"]
[Source "DeepChess"]
[SourceDate "2005.01.01"]
[SourceVersion "1"]
[SourceVersionDate "2005.01.01"]
[SourceQuality "1"]
[WhiteTeam "SC Eppingen e.V."]
[BlackTeam "USC Magdeburg"]
[WhiteTeamCountry "GER"]
[BlackTeamCountry "GER"]

1. e4 c5 2. c3 d5 3. exd5 Qxd5 4. d4 Nf6 5. Nf3 Bg4 6. Qa4+ Bd7 7. Qb3 cxd4 8.
Nxd4 e6 9. Be3 a6 10. Nd2 Qxb3 11. axb3 Nc6 12. Nc4 Nd5 13. Nxc6 Nxe3 14. fxe3
Bxc6 15. Ne5 Be4 16. Bb5+ Ke7 17. O-O f6 18. Bd3 Bd5 19. c4 Bxg2 20. Kxg2 fxe5
21. Be4 g6 22. c5 Rb8 23. Rf3 Bh6 24. Raf1 Rhf8 25. Rh3 Rxf1 26. Kxf1 Bg7 27.
Rxh7 Kf7 28. Ke2 a5 29. Kd3 Kg8 30. Rh4 Bf8 31. Bxg6 Bxc5 32. Rh7 Rd8+ 33. Ke4
Rd2 1/2-1/2

[Event "Bundesliga 9697"]
[Site "Deutschland"]
[Date "1997.??.??"]
[Round "?.5"]
[White "Stolz, Mike"]
[Black "Bosbach, Gerhard"]
[Result "1-0"]
[WhiteElo "2280"]
[BlackElo "2265"]
[PlyCount "79"]
[EventDate "1996.10.??"]
[EventType "team"]
[EventRounds "15"]
[EventCountry "GER"]
[SourceTitle "Bundesliga 9697"]
[Source "DeepChess"]
[SourceDate "2005.01.01"]
[SourceVersion "1"]
[SourceVersionDate "2005.01.01"]
[SourceQuality "1"]
[WhiteTeam "USC Magdeburg"]
[BlackTeam "SC Eppingen e.V."]
[WhiteTeamCountry "GER"]
[BlackTeamCountry "GER"]

1. e4 c5 2. Nf3 e6 3. d4 cxd4 4. Nxd4 a6 5. Bd3 Bc5 6. Nb3 Ba7 7. Qe2 Nc6 8.
Be3 d6 9. Nc3 Nf6 10. O-O b5 11. a4 b4 12. Nd1 O-O 13. Bxa7 Rxa7 14. Ne3 Ne5
15. a5 Nxd3 16. Qxd3 Rc7 17. Ra4 Bd7 18. Rxb4 Bb5 19. c4 Bc6 20. f3 d5 21. exd5
exd5 22. Rd1 Qe7 23. c5 Bb5 24. Qd2 Bc4 25. Nxc4 dxc4 26. Rxc4 h6 27. Re1 Qd8
28. Qxd8 Rxd8 29. Nd4 Nd5 30. b4 Nf4 31. Nc2 g5 32. Rd4 Rxd4 33. Nxd4 Kf8 34.
Nf5 h5 35. Rd1 Kg8 36. Rd6 Rb7 37. c6 Rxb4 38. c7 Rb1+ 39. Kf2 Rb2+ 40. Ke1 1-0

[Event "Bundesliga 9697"]
[Site "Deutschland"]
[Date "1997.??.??"]
[Round "?.6"]
[White "Reinhardt, Bernd"]
[Black "Darnstaedt, Frank"]
[Result "1/2-1/2"]
[WhiteElo "2270"]
[BlackElo "2295"]
[PlyCount "124"]
[EventDate "1996.10.??"]
[EventType "team"]
[EventRounds "15"]
[EventCountry "GER"]
[SourceTitle "Bundesliga 9697"]
[Source "DeepChess"]
[SourceDate "2005.01.01"]
[SourceVersion "1"]
[SourceVersionDate "2005.01.01"]
[SourceQuality "1"]
[WhiteTeam "SC Eppingen e.V."]
[BlackTeam "USC Magdeburg"]
[WhiteTeamCountry "GER"]
[BlackTeamCountry "GER"]

1. d4 Nf6 2. Nf3 g6 3. Bf4 Bg7 4. e3 d6 5. h3 O-O 6. Be2 Nbd7 7. O-O c5 8. c3
b6 9. Nbd2 Bb7 10. Qb1 Re8 11. Bh2 a6 12. a4 Qc7 13. Re1 Rac8 14. Bf1 cxd4 15.
exd4 Nb8 16. Qa2 Qd8 17. Ng5 Rf8 18. Bc4 d5 19. Bd3 Ne8 20. Ngf3 Nd6 21. Re2
Bc6 22. Ne5 Bb7 23. Rae1 Re8 24. Bf4 Nd7 25. Nxg6 hxg6 26. Bxd6 e6 27. Bg3 Ra8
28. Nf3 b5 29. Qb3 Bc6 30. axb5 axb5 31. Ne5 Nxe5 32. Bxe5 Bxe5 33. Rxe5 Kg7
34. g3 Qf6 35. Kg2 Rh8 36. Rh1 Qe7 37. Ree1 Rab8 38. Qb4 Qd7 39. h4 Ra8 40. f4
Ra4 41. Qb3 b4 42. Ra1 bxc3 43. Rxa4 Bxa4 44. Qxc3 Bb5 45. Bb1 Be2 46. Qe3 Bg4
47. Rc1 Qb5 48. b3 Rb8 49. Rc3 Ra8 50. Qe5+ Kg8 51. Kf2 Qb4 52. Qe3 Rb8 53. Bc2
Ra8 54. Qd2 Kg7 55. Ke3 Ra1 56. Bd3 Qa3 57. Kf2 Rh1 58. Ke3 Qa1 59. Rc2 Re1+
60. Kf2 Rh1 61. Ke3 Re1+ 62. Kf2 Rh1 1/2-1/2

[Event "Bundesliga 9697"]
[Site "Deutschland"]
[Date "1997.??.??"]
[Round "?.7"]
[White "Hoffmeyer, Falk"]
[Black "Dudek, Richard"]
[Result "0-1"]
[WhiteElo "2255"]
[BlackElo "2305"]
[PlyCount "94"]
[EventDate "1996.10.??"]
[EventType "team"]
[EventRounds "15"]
[EventCountry "GER"]
[SourceTitle "Bundesliga 9697"]
[Source "DeepChess"]
[SourceDate "2005.01.01"]
[SourceVersion "1"]
[SourceVersionDate "2005.01.01"]
[SourceQuality "1"]
[WhiteTeam "USC Magdeburg"]
[BlackTeam "SC Eppingen e.V."]
[WhiteTeamCountry "GER"]
[BlackTeamCountry "GER"]

1. d4 Nf6 2. Nf3 e6 3. e3 b6 4. Bd3 Bb7 5. Nbd2 c5 6. O-O Be7 7. c3 O-O 8. e4
cxd4 9. cxd4 Ba6 10. Qe2 Bxd3 11. Qxd3 d5 12. e5 Nfd7 13. Ne1 Nc6 14. a3 f6 15.
exf6 Bxf6 16. Ndf3 e5 17. Qb5 Nxd4 18. Qxd5+ Kh8 19. Nd3 Re8 20. Nxd4 exd4 21.
Bf4 Nc5 22. Qf3 Rc8 23. Rfe1 Rxe1+ 24. Rxe1 Nxd3 25. Qxd3 Qd5 26. h3 g6 27. Qa6
Qd7 28. Qd3 Re8 29. Rxe8+ Qxe8 30. Kf1 Qd7 31. Ke2 g5 32. Bg3 Qe6+ 33. Kd1 g4
34. hxg4 Qxg4+ 35. Ke1 h5 36. Qe2 Qg6 37. Kd2 h4 38. Bf4 Qxg2 39. Qh5+ Kg8 40.
Qe8+ Kg7 41. Qd7+ Kg6 42. Qe8+ Kf5 43. Bh6 Qxf2+ 44. Kd3 Qf3+ 45. Kc4 h3 46.
Qf7 Qe2+ 47. Kd5 Qe5+ 0-1

[Event "Bundesliga 9697"]
[Site "Deutschland"]
[Date "1997.??.??"]
[Round "?.8"]
[White "Staiger, Frank"]
[Black "Schnabel, Ralf"]
[Result "1-0"]
[WhiteElo "2290"]
[BlackElo "2255"]
[PlyCount "161"]
[EventDate "1996.10.??"]
[EventType "team"]
[EventRounds "15"]
[EventCountry "GER"]
[SourceTitle "Bundesliga 9697"]
[Source "DeepChess"]
[SourceDate "2005.01.01"]
[SourceVersion "1"]
[SourceVersionDate "2005.01.01"]
[SourceQuality "1"]
[WhiteTeam "SC Eppingen e.V."]
[BlackTeam "USC Magdeburg"]
[WhiteTeamCountry "GER"]
[BlackTeamCountry "GER"]

1. c4 f5 2. d4 Nf6 3. Nf3 g6 4. Nc3 Bg7 5. e3 d6 6. Be2 O-O 7. O-O Qe8 8. b3 c6
9. Qc2 Na6 10. Ba3 h6 11. Rad1 g5 12. Bd3 Qg6 13. Rfe1 Nc7 14. e4 fxe4 15. Nxe4
Nxe4 16. Bxe4 Qf6 17. Re2 Bg4 18. Qd3 Ne6 19. Red2 Nf4 20. Qe3 Rae8 21. d5 c5
22. Bb2 Qf7 23. Bxg7 Qxg7 24. h3 Bh5 25. Re1 Rf7 26. Nh2 Bg6 27. Bxg6 Qxg6 28.
Qc3 b6 29. Nf1 Ref8 30. Ng3 Rg7 31. f3 Rff7 32. Ne2 Nh5 33. Rd3 Nf6 34. Re3 Nd7
35. Re6 Rf6 36. Re4 Ne5 37. Nc1 Rgf7 38. R4e3 Kf8 39. Nd3 Nxd3 40. Rxd3 Qf5 41.
Re4 Qh7 42. Rde3 Qg7 43. Qc1 Rf4 44. Re6 R4f6 45. R6e4 Rf4 46. Re6 R4f6 47. Qc3
Rxe6 48. Qxg7+ Rxg7 49. Rxe6 Rh7 50. Kf2 Kf7 51. Ke3 a6 52. Ke4 b5 53. Kf5 Rh8
54. a3 Rh7 55. Kg4 Rh8 56. Kh5 Rh7 57. g3 Rh8 58. h4 gxh4 59. Kxh4 h5 60. Re4
Kf6 61. Re6+ Kf7 62. Re3 Kf6 63. f4 Rh7 64. cxb5 axb5 65. a4 bxa4 66. bxa4 Rh8
67. Re4 Rc8 68. Re6+ Kf7 69. Kxh5 c4 70. Kg4 Rc5 71. Re1 Rxd5 72. Rc1 Rc5 73.
Kf3 d5 74. Ke3 Ke6 75. Kd4 Ra5 76. Re1+ Kd6 77. Ra1 e6 78. Ra3 Ke7 79. Ke5 Kf7
80. g4 Ra6 81. a5 1-0

[Event "Bundesliga 9697"]
[Site "Deutschland"]
[Date "1996.??.??"]
[Round "?.3"]
[White "Nijboer, Friso"]
[Black "Gabriel, Christian"]
[Result "1/2-1/2"]
[WhiteElo "2525"]
[BlackElo "2565"]
[PlyCount "61"]
[EventDate "1996.10.??"]
[EventType "team"]
[EventRounds "15"]
[EventCountry "GER"]
[SourceTitle "Bundesliga 9697"]
[Source "DeepChess"]
[SourceDate "2005.01.01"]
[SourceVersion "1"]
[SourceVersionDate "2005.01.01"]
[SourceQuality "1"]
[WhiteTeam "SG Bochum 31"]
[BlackTeam "SG 1868 Aljech. Solingen"]
[WhiteTeamCountry "GER"]
[BlackTeamCountry "GER"]

1. e4 e5 2. Nf3 Nc6 3. Bb5 a6 4. Ba4 Nf6 5. O-O Be7 6. Re1 b5 7. Bb3 d6 8. c3
O-O 9. d4 Bg4 10. a3 Bxf3 11. gxf3 Qc8 12. f4 Qh3 13. Re3 Qh4 14. Rg3 exf4 15.
Rg2 Na5 16. Bc2 c5 17. Nd2 cxd4 18. Nf3 Qh5 19. Nxd4 Qxd1+ 20. Bxd1 Nxe4 21.
Nf5 Bf6 22. Bxf4 Nc4 23. Nxg7 Kh8 24. Nh5 Be5 25. Bxe5+ Nxe5 26. f3 Nc5 27. f4
Ng6 28. Bc2 f5 29. Re1 d5 30. Rd2 Rad8 31. Red1 1/2-1/2

[Event "Bundesliga 9697"]
[Site "Deutschland"]
[Date "1996.??.??"]
[Round "?.4"]
[White "Chandler, Murray G"]
[Black "Schmittdiel, Eckhard"]
[Result "1-0"]
[WhiteElo "2550"]
[BlackElo "2440"]
[PlyCount "119"]
[EventDate "1996.10.??"]
[EventType "team"]
[EventRounds "15"]
[EventCountry "GER"]
[SourceTitle "Bundesliga 9697"]
[Source "DeepChess"]
[SourceDate "2005.01.01"]
[SourceVersion "1"]
[SourceVersionDate "2005.01.01"]
[SourceQuality "1"]
[WhiteTeam "SG 1868 Aljech. Solingen"]
[BlackTeam "SG Bochum 31"]
[WhiteTeamCountry "GER"]
[BlackTeamCountry "GER"]

1. e4 c5 2. Nf3 Nc6 3. d4 cxd4 4. Nxd4 e5 5. Nb5 d6 6. a4 Be7 7. Bc4 Nf6 8.
N1c3 O-O 9. Bg5 Nxe4 10. Nxe4 Bxg5 11. O-O Be7 12. Nbxd6 Nd4 13. Nxc8 Rxc8 14.
b3 a6 15. c3 b5 16. axb5 axb5 17. Bxf7+ Rxf7 18. cxd4 exd4 19. Qd3 Qb6 20. Rfd1
Rd8 21. Ra2 h6 22. Rda1 Bb4 23. Ra8 Rxa8 24. Rxa8+ Bf8 25. g3 g6 26. Re8 Kg7
27. Re5 Rf5 28. Rxf5 gxf5 29. Nd2 f4 30. Nf3 Bc5 31. Ne1 fxg3 32. hxg3 Qe6 33.
Ng2 b4 34. Nf4 Qf7 35. Qe4 Kg8 36. Nd3 Bf8 37. Qg4+ Bg7 38. Qc8+ Bf8 39. Qg4+
Bg7 40. Qc8+ Bf8 41. Qc2 Bd6 42. Ne1 Bf8 43. Qd1 Qe6 44. Ng2 Qf5 45. Nf4 Bd6
46. Qd3 Qf7 47. Ne2 Bc5 48. Nc1 Qe6 49. Kf1 Kg7 50. Ne2 Kg8 51. Nf4 Qf7 52. Qa6
Kh7 53. Ne6 Ba7 54. Ke2 Kg8 55. Nf4 Kh7 56. Qd3+ Kg7 57. Qf3 Qe8+ 58. Kd2 Qc8
59. Kd1 Qa6 60. Nh5+ 1-0

[Event "Bundesliga 9697"]
[Site "Deutschland"]
[Date "1996.??.??"]
[Round "?.5"]
[White "Ankerst, Mihael"]
[Black "Bischoff, Klaus"]
[Result "1-0"]
[WhiteElo "2355"]
[BlackElo "2530"]
[PlyCount "145"]
[EventDate "1996.10.??"]
[EventType "team"]
[EventRounds "15"]
[EventCountry "GER"]
[SourceTitle "Bundesliga 9697"]
[Source "DeepChess"]
[SourceDate "2005.01.01"]
[SourceVersion "1"]
[SourceVersionDate "2005.01.01"]
[SourceQuality "1"]
[WhiteTeam "SG Bochum 31"]
[BlackTeam "SG 1868 Aljech. Solingen"]
[WhiteTeamCountry "GER"]
[BlackTeamCountry "GER"]

1. e4 c5 2. Nf3 e6 3. d4 cxd4 4. Nxd4 a6 5. c4 Nf6 6. Nc3 Qc7 7. Be2 b6 8. O-O
Bb7 9. f3 Bd6 10. Kh1 Be7 11. Be3 O-O 12. Rc1 d6 13. Qc2 Rc8 14. f4 Nbd7 15. b4
Qd8 16. Qb1 Rc7 17. f5 e5 18. Nf3 Rac8 19. Bd2 h6 20. Bd3 Rxc4 21. Bxc4 Rxc4
22. Rfe1 b5 23. Re2 Qa8 24. Rce1 Qc8 25. a3 Nb6 26. Qd3 Rc7 27. Nd1 Rc2 28. Nc3
Rb2 29. Be3 Rb3 30. Rc2 Nc4 31. Nd5 Bxd5 32. Qxb3 Bxe4 33. Rcc1 Qb7 34. Bg1 d5
35. Bc5 Bd8 36. a4 Bc7 37. axb5 axb5 38. Ra1 d4 39. Ra7 Qc8 40. Qa2 Bb8 41. Ra8
Bxa8 42. Qxa8 Qc7 43. Ra1 e4 44. Ba7 exf3 45. Bxb8 fxg2+ 46. Kxg2 Ne3+ 47. Kh1
Qd7 48. Be5+ Ne8 49. Re1 d3 50. Bc3 Kh7 51. Rxe3 d2 52. Bxd2 Qxd2 53. Qxe8 Qf2
54. Re1 Qf3+ 55. Kg1 Qg4+ 56. Kf2 Qf4+ 57. Kg2 Qg4+ 58. Kf2 Qf4+ 59. Ke2 Qxf5
60. Qe3 Qh5+ 61. Kd3 Qxh2 62. Qe5 Qh3+ 63. Kd4 Qb3 64. Qe4+ g6 65. Kc5 h5 66.
Kxb5 Qg3 67. Ka4 Qf2 68. b5 Kg7 69. Re2 Qg1 70. Ka5 Qa7+ 71. Kb4 Qg1 72. Kc4
Qc1+ 73. Kd5 1-0

[Event "Bundesliga 9697"]
[Site "Deutschland"]
[Date "1996.??.??"]
[Round "?.6"]
[White "Lau, Ralf"]
[Black "Backwinkel, Paul"]
[Result "1-0"]
[WhiteElo "2510"]
[BlackElo "2400"]
[PlyCount "91"]
[EventDate "1996.10.??"]
[EventType "team"]
[EventRounds "15"]
[EventCountry "GER"]
[SourceTitle "Bundesliga 9697"]
[Source "DeepChess"]
[SourceDate "2005.01.01"]
[SourceVersion "1"]
[SourceVersionDate "2005.01.01"]
[SourceQuality "1"]
[WhiteTeam "SG 1868 Aljech. Solingen"]
[BlackTeam "SG Bochum 31"]
[WhiteTeamCountry "GER"]
[BlackTeamCountry "GER"]

1. e4 e6 2. d4 d5 3. Nc3 Nf6 4. Bg5 dxe4 5. Nxe4 Nbd7 6. Nxf6+ Nxf6 7. Nf3 h6
8. Be3 Nd5 9. Bd2 Be7 10. Bd3 Nb4 11. Bc4 c6 12. O-O O-O 13. Re1 b5 14. Be2 Bb7
15. c3 Nd5 16. Ne5 a6 17. a4 Nb6 18. Bf3 Qe8 19. a5 Nd7 20. Nxd7 Qxd7 21. b4
Bd6 22. g3 Rfe8 23. Bf4 Bxf4 24. gxf4 Qd8 25. Bg2 Qh4 26. Qf3 Rad8 27. Qg3 Qxg3
28. hxg3 g5 29. fxg5 hxg5 30. Re5 f6 31. Re3 Rd6 32. Rae1 Kf7 33. f4 gxf4 34.
gxf4 Rg8 35. R1e2 f5 36. Rh3 Bc8 37. Kf2 Bd7 38. Bf3 Be8 39. Rh7+ Kf6 40. Ra7
Rh8 41. Rxa6 Bh5 42. Bxh5 Rxh5 43. Ra8 Rd7 44. Re8 Re7 45. Rc8 Rh4 46. Ke3 1-0